00587nam a2200157Ia 4500003000900000008004100009040001600050080001800066110004400084245011000128260005900238650001900297942000700316999001300323952009300336IN-BaIIA211028s9999 xx 000 0 eng d cIIA Library a01:520.2bPUJ aInstituto y Observatorio de Marina9776 0aCatalogo de la bibliotaca del instituto y observatorio de Merina 1888cInstituto y Observatorio de Marina aSan FernandobInstituto y Observatorio de Marinac1899 aCatalogue9777 cBK c361d361 00104070aBANbKODcGENd0000-00-00l0o01:520.2/ PUJp354r2021-11-05w0000-00-00yBK